01636nam a2200409Ia 4500001001200000003000800012006001900020007001500039008004100054010001700095020001800112020001500130040002100145035002100166050002600187100002900213245013100242260005800373300003100431504006400462533015200526600003500678650003400713650004000747650003400787650003400821650003700855650003700892651003100929651002200960651002400982655002901006700003101035710001701066856012601083999001701209ebr10263688CaPaEBRm u cr cn|||||||||080314s2009 enkabf sb 001 0beng d z 2008011980 z9780195127096 z0195127099 aCaPaEBRcCaPaEBR a(OCoLC)65477797214aF731.S916bM55 2009eb1 aMilner, Clyde A.,d1948-10aAs big as the Westh[electronic resource] :bthe pioneer life of Granville Stuart /cClyde A. Milner II and Carol A. O'Connor. aOxford ;aNew York :bOxford University Press,c2009. axvi, 430 p. :bill., maps. aIncludes bibliographical references (p. 357-410) and index. aElectronic reproduction.bPalo Alto, Calif. :cebrary,d2009.nAvailable via World Wide Web.nAccess may be limited to ebrary affiliated libraries.10aStuart, Granville,d1834-1918. 0aPioneerszMontanavBiography. 0aFrontier and pioneer lifezMontana. 0aRancherszMontanavBiography. 0aRanch lifezMontanaxHistory. 0aGold minerszMontanavBiography. 0aPoliticianszMontanavBiography. 0aMontanaxGold discoveries. 0aMontanaxHistory. 0aMontanavBiography. 7aElectronic books.2local1 aO'Connor, Carol A.,d1946-2 aebrary, Inc.40uhttp://site.ebrary.com/lib/rucke/Doc?id=10263688zAn electronic book accessible through the World Wide Web; click to view c11552d11552